[Event "European School-ch 2019"]
[Site "Mamaia"]
[Date "2019.06.07"]
[Round "8.4"]
[White "Mammadov, Sadig"]
[Black "Farcadi, Hunor"]
[Result "1-0"]
[WhiteElo "2208"]
[BlackElo "2049"]
[Annotator "TA"]
[PlyCount "60"]
[EventDate "2019.05.31"]
[EventType "swiss"]
[EventCountry "ROU"]
[SourceTitle "playchess.com"]
[Source "ChessBase"]
[SourceQuality "1"]

{[%evp 22,60,57,4,0,-42,-35,-28,-21,-40,0,0,0,0,0,0,0,0,6,0,143,113,161,151,143,59,44,58,52,43,33,17,65,46,178,92,87,70,489,473,433]} 1. e4 c5 2. Nf3 Nc6 3. d4 cxd4 4. Nxd4 Nf6 5. Nc3 e5 6. Ndb5 d6 7. Bg5 a6 8. Na3 b5 9. Nd5 Be7 10. Bxf6 Bxf6 11. c3 Ne7 12. Nc2 ({White should try} 12. Nxf6+ $14 gxf6 13. Nc2) 12... Nxd5 $11 {B33: Sicilian: Pelikan and Sveshnikov Variations} 13. exd5 (13. Qxd5 Rb8 14. Nb4 Bb7 15. Qd3 O-O 16. Be2 a5 17. Nd5 b4 18. O-O bxc3 19. bxc3 Bg5 20. Rab1 Qd7 21. Rb3 Bc6 22. Rfb1 Rxb3 23. Rxb3 g6 24. Rb6 Rc8 25. h3 Bxd5 26. Qxd5 Rxc3 27. Rxd6 Qe7 28. Bd1 Rc7 29. g3 Kg7 30. Ba4 Bc1 31. Rc6 {½-½ (31) Giri,A (2793)-Carlsen,M (2853) Saint Louis 2015}) 13... Bg5 14. a4 bxa4 {Black has an edge.} 15. Rxa4 a5 16. Bb5+ Bd7 17. Bc6 $146 ({Predecessor:} 17. Qe2 O-O 18. O-O Rb8 19. Na3 Bf5 20. Ra1 {0-1 (34) Masberg,S (2099)-Wloka,S (1872) Germany 2010}) 17... O-O 18. b4 Bxc6 19. dxc6 axb4 20. Nxb4 {[#]} Qb6 (20... Bd2+ $1 $11 {[%mdl 512] remains equal.} 21. Kxd2 (21. Qxd2 Rxa4) 21... Qg5+ 22. Ke1 Rxa4 23. Qxa4 Qc1+ {[%mdl 64] Double Attack} 24. Qd1 Qxc3+ {[%mdl 64] Double Attack} 25. Qd2 Qa1+ 26. Qd1 Qc3+ 27. Qd2 Qa1+ 28. Qd1 Qc3+) 21. O-O $16 Qc5 22. Rxa8 $1 Rxa8 23. Qg4 (23. Qf3 $1 $16) 23... Bd8 $1 $14 24. Qd7 {[%cal Rd7e8]} Bb6 {( -> ...Qxf2+!)} 25. Nd3 Qa5 $1 26. Qxd6 $40 {[%mdl 128] Black needs to defend precisely.} e4 {White must now prevent ...Rd8.} 27. Nb4 $1 Bc5 (27... Rd8 $14 28. Qe7 Qf5) 28. Qd7 (28. Qf4 $18) 28... Rd8 $16 29. Rd1 Bb6 $2 {[%mdl 8192] [#]} ({Don't go for} 29... Rxd7 $2 30. cxd7 Bb6 31. Nc6 $18) (29... Bd6 $1 $14 30. Qg4 h5) 30. c7 $1 $18 {[%cal Rd7d8][%mdl 512]} Rxd7 {Accuracy: White = 40%, Black = 44%.} ({Weaker is} 30... Bxc7 {[#]} 31. Qxd8+ $1 {[%mdl 576] Decoy} Bxd8 32. Nc6 $18 {[%mdl 64] Double Attack}) 1-0

[Event "European School-ch 2019"]
[Site "Mamaia"]
[Date "2019.06.07"]
[Round "8.5"]
[White "Ozdemir, Serhan Berat"]
[Black "Sahin, Hayrun Nisa"]
[Result "1/2-1/2"]
[WhiteElo "1950"]
[BlackElo "1734"]
[Annotator "NA RC"]
[PlyCount "62"]
[EventDate "2019.05.31"]
[EventType "swiss"]
[EventCountry "ROU"]
[SourceTitle "playchess.com"]
[Source "ChessBase"]
[SourceQuality "1"]
[TimeControl "40/5400+30:1800+30"]

1. Nf3 {[%emt 0:00:00]} g6 {[%emt 0:00:00]} 2. d4 {[%emt 0:00:00]} Bg7 {[%emt 0:00:00]} 3. e3 {[%emt 0:00:08]} Nf6 {[%emt 0:00:00]} 4. Be2 {[%emt 0:00:08]} O-O {[%emt 0:00:00]} 5. O-O {[%emt 0:00:05]} d6 {[%emt 0:00:00]} 6. b3 {[%emt 0:00:48]} c5 {[%emt 0:03:04]} 7. Bb2 {[%emt 0:00:21]} cxd4 {[%emt 0:01:44]} 8. exd4 {[%emt 0:00:03]} d5 {[%emt 0:00:39]} 9. Nbd2 {[%emt 0:00:31]} Nc6 {[%emt 0:00:05]} 10. Ne5 {[%emt 0:01:10]} Nxe5 {[%emt 0:00:46]} 11. dxe5 {[%emt 0:00:03]} Ne4 {[%emt 0:00:16]} 12. Nxe4 {[%emt 0:00:28]} dxe4 {[%emt 0:00:04]} 13. Qxd8 {[%emt 0:00:21]} Rxd8 {[%emt 0:00:02]} 14. Rad1 {[%emt 0:00:10]} Be6 {[%emt 0:00:17]} 15. c4 {[%emt 0:00:22]} f5 {[%emt 0:00:44]} 16. exf6 {[%emt 0:01:31]} exf6 {[%emt 0:02:28]} 17. Ba3 {[%emt 0:00:10]} Bf8 {[%emt 0:00:49]} 18. Bxf8 {[%emt 0:00:06]} Kxf8 {[%emt 0:00:01]} 19. h4 {[%emt 0:02:26]} Ke7 {[%emt 0:00:07]} 20. Kh2 {[%emt 0:00:06]} h6 {[%emt 0:00:55]} 21. Kg3 {[%emt 0:00:35]} f5 {[%emt 0:00:19]} 22. f3 {[%emt 0:00:23]} exf3 23. Bxf3 {[%emt 0:00:12]} Rxd1 {[%emt 0:01:01]} 24. Rxd1 {[%emt 0:00:05]} Rb8 {[%emt 0:00:11]} 25. Bd5 {[%emt 0:00:33]} Kf6 {[%emt 0:00:56]} 26. Bxe6 {[%emt 0:00:16]} Kxe6 {[%emt 0:00:01]} 27. Re1+ {[%emt 0:00:16]} Kf6 {[%emt 0:00:23]} 28. Rd1 {[%emt 0:00:09]} Re8 {[%emt 0:04:14]} 29. Kf3 {[%emt 0:00:45]} Re7 {[%emt 0:00:12]} 30. g3 {[%emt 0:00:40]} g5 {[%emt 0:03:20]} 31. hxg5+ {[%emt 0:00:05]} hxg5 {[%emt 0:00:14] Ke4 Ke5+} 1/2-1/2

[Event "European School-ch 2019"]
[Site "Mamaia"]
[Date "2019.06.07"]
[Round "8.6"]
[White "David, Bogdan-Emanuel"]
[Black "Paraschiv, Petronela-Alexandra"]
[Result "1-0"]
[WhiteElo "2162"]
[BlackElo "1792"]
[Annotator "TA"]
[PlyCount "107"]
[EventDate "2019.05.31"]
[EventType "swiss"]
[EventCountry "ROU"]
[SourceTitle "playchess.com"]
[Source "ChessBase"]
[SourceQuality "1"]

{[%evp 15,107,46,47,0,0,-4,0,-8,-7,-22,-11,-16,0,-20,0,9,25,0,4,-20,-13,-41,-20,-16,-7,-22,-22,-45,0,-53,-6,-23,0,0,0,0,0,0,0,-12,0,-2,-3,-9,0,0,0,0,35,0,0,0,3,10,113,33,18,-8,17,15,46,53,80,81,112,87,107,93,95,61,82,42,43,43,88,65,43,37,35,31,121,141,123,117,583,579,734,733,632,595,6111,5910,1718,1506]} 1. e4 d5 2. exd5 Qxd5 3. Nc3 Qa5 4. d4 Bf5 5. Bc4 e6 6. Nge2 Nf6 7. O-O c6 8. Ng3 Bg6 9. Nce2 {B01: Scandinavian Defence} (9. f4 Be7 10. Qe2 b5 11. Bb3 b4 12. Na4 Qd8 13. Be3 Nbd7 14. f5 exf5 15. Nxf5 O-O 16. Qf3 Bxf5 17. Qxf5 {½-½ (39) Vetoshko,V (2385)-Sergeev,V (2444) Lvov 2017}) 9... Bd6 10. Bf4 Qc7 11. Qd2 {The position is equal.} O-O 12. Bb3 Rd8 $146 ({Predecessor:} 12... Nbd7 13. Rad1 Rad8 14. Bxd6 Qxd6 15. Qf4 Qxf4 16. Nxf4 Nb6 17. Rfe1 {½-½ (16) Bravo Barranco,N (2238)-Casanellas Ruano,L (2208) Catalunya 2012}) 13. c3 Bxf4 14. Qxf4 Qxf4 15. Nxf4 Nd5 16. Nfe2 Nd7 17. c4 N5f6 18. Rad1 Nb6 19. f3 h6 20. Kf2 a5 {[#] Strongly threatening ...a4.} 21. a3 Rd7 22. Ke3 ({Better is} 22. Nf4 $11) 22... Rad8 23. Nc3 $1 Kf8 24. h3 Nc8 25. Nge4 Ne7 26. g4 b6 27. Ba4 Rc7 28. Rc1 h5 29. Rfd1 hxg4 30. hxg4 Bxe4 31. Nxe4 Rb7 32. Rd2 (32. Rh1 $5 {[%cal Re4f6]}) 32... b5 33. Bd1 Nxe4 34. fxe4 f5 (34... bxc4 $11 35. Rxc4 e5) 35. exf5 ({White should try} 35. cxb5 $16 Rxb5 36. Ba4) 35... exf5 $14 36. Bf3 b4 37. axb4 axb4 38. Ra1 Rd6 39. Ra6 Re6+ 40. Kf2 {Black must now prevent d5.} fxg4 41. Bxg4 Rf6+ 42. Kg3 Kf7 43. b3 Kg6 44. Re2 Kf7 45. Re5 g6 46. Bh3 Kg7 47. Re6 Rxe6 (47... Rf7 $14) 48. Bxe6 {[%mdl 4096] Endgame KRB-KRN} Kf6 49. d5 {Kf4 is the strong threat.} Rb8 $2 {[%mdl 8192]} (49... Ke5 $16 {is a better chance.}) 50. dxc6 $18 {White is clearly winning.} Rd8 51. c7 Rd3+ 52. Kf4 {[#] Bf5+ would kill now.} Rxb3 53. Bd7+ Kf7 54. Re6 {Accuracy: White = 41%, Black = 26%.} 1-0

[Event "European School-ch 2019"]
[Site "Mamaia"]
[Date "2019.06.07"]
[Round "8.7"]
[White "Ognean, Mihnea-Ionut"]
[Black "Balan, Bogdan"]
[Result "1-0"]
[WhiteElo "2260"]
[BlackElo "2027"]
[Annotator "TA"]
[PlyCount "70"]
[EventDate "2019.05.31"]
[EventType "swiss"]
[EventCountry "ROU"]
[SourceTitle "playchess.com"]
[Source "ChessBase"]
[SourceQuality "1"]

{[%evp 26,70,9,-16,0,0,-3,0,32,-27,-30,-35,-38,-30,-34,-27,-8,-27,-26,-25,-7,-11,-15,-45,31,31,54,31,19,14,94,0,0,0,0,-250,-239,-311,528,520,493,463,29991,29992,29992,29993,29995]} 1. d4 Nf6 2. c4 e6 3. Nc3 Bb4 4. f3 d5 5. a3 Bxc3+ 6. bxc3 c5 7. cxd5 exd5 8. e3 O-O 9. Bd3 b6 10. Ne2 Ba6 11. O-O Re8 12. Ng3 Bxd3 13. Qxd3 Nc6 14. Ra2 Qd7 {E49: Nimzo-Indian: Rubinstein: 5 Bd3 d5 6 a3 Bxc3+ 7 bxc3} 15. Re2 Rad8 16. Bb2 {[#]} a5 $146 {The position is equal.} ({Predecessor:} 16... h5 17. Ree1 h4 18. Nh1 h3 19. g4 Nh7 20. Ng3 Ng5 21. Kh1 Na5 22. Nh5 {0-1 (52) Eljanov,P (2732)-Bologan,V (2655) Poikovsky 2014}) 17. Nh1 (17. Rb1 $14) 17... b5 18. Nf2 c4 19. Qd2 Rb8 20. e4 {Black must now prevent e5.} Kh8 21. e5 Ng8 22. f4 b4 23. axb4 axb4 24. g4 b3 ({Better is} 24... f5 $15) 25. f5 $1 $14 Ra8 26. Nh3 f6 {[%cal Rf6e5]} 27. Qe1 Rf8 (27... fxe5 $11 {keeps the balance.} 28. dxe5 Qc7) 28. Qh4 (28. Nf4 $1 $16) 28... fxe5 $1 $11 29. dxe5 $40 {[%mdl 128] White is up to no good.} Qe7 30. g5 $2 (30. Qxe7 $11 Ngxe7 31. Nf4) 30... Nxe5 $19 31. Nf4 {[#] Hoping for Rxe5!} Rxf5 $4 {[%mdl 8192] [#]} (31... Ra6 $1 $19 {and life is good for Black.} 32. Qh5 Rxf5 33. Ng6+ Rxg6 34. Rxf5 Re6) 32. Rxe5 $1 $18 {[%cal Rf4g6][%mdl 576] Double Attack} Qc5+ {[#]} (32... Qxe5 33. Ng6#) 33. Kh1 $1 {[%cal Rf4g6]} g6 (33... Rxf4 $18 34. Qxf4 Qc7) 34. Nxg6+ Kg7 35. Rexf5 Kxg6 {Accuracy: White = 40%, Black = 43%.} 1-0

[Event "European School-ch 2019"]
[Site "Mamaia"]
[Date "2019.06.07"]
[Round "8.8"]
[White "Ceres, Dragos"]
[Black "Ochedzan, Tymon"]
[Result "0-1"]
[WhiteElo "2291"]
[BlackElo "2064"]
[Annotator "RC"]
[PlyCount "76"]
[EventDate "2019.05.31"]
[EventType "swiss"]
[EventCountry "ROU"]
[SourceTitle "playchess.com"]
[Source "ChessBase"]
[SourceQuality "1"]
[TimeControl "40/5400+30:1800+30"]

1. e4 {[%emt 0:00:00]} c5 {[%emt 0:00:00]} 2. Nf3 {[%emt 0:00:00]} d6 {[%emt 0:00:00]} 3. Bb5+ {[%emt 0:00:00]} Nd7 {[%emt 0:00:02]} 4. c3 {[%emt 0:00:00]} Ngf6 {[%emt 0:01:29]} 5. Bd3 {[%emt 0:00:37]} e5 {[%emt 0:02:19]} 6. Bc2 {[%emt 0:00:30]} Be7 {[%emt 0:01:40]} 7. d4 {[%emt 0:00:18]} cxd4 {[%emt 0:01:33]} 8. cxd4 {[%emt 0:00:11]} O-O {[%emt 0:02:11]} 9. O-O {[%emt 0:00:15]} b5 {[%emt 0:05:15]} 10. Qe2 {[%emt 0:07:41]} a6 {[%emt 0:05:25]} 11. Rd1 {[%emt 0:07:00]} Qc7 {[%emt 0:03:31]} 12. b3 {[%emt 0:14:44]} Bb7 {[%emt 0:04:30]} 13. Bb2 {[%emt 0:00:47]} Rac8 {[%emt 0:03:36]} 14. Bd3 {[%emt 0:00:10]} Qb8 {[%emt 0:05:12]} 15. Nbd2 {[%emt 0:00:42]} Rfe8 {[%emt 0:16:38]} 16. a4 {[%emt 0:03:31]} bxa4 {[%emt 0:05:36]} 17. Rxa4 {[%emt 0:02:13]} exd4 {[%emt 0:02:27]} 18. Bxd4 {[%emt 0:01:38]} d5 {[%emt 0:02:59]} 19. e5 {[%emt 0:14:29]} Bc5 {[%emt 0:03:01]} 20. Bb2 {[%emt 0:02:09]} d4 {[%emt 0:06:14]} 21. Bxa6 {[%emt 0:14:40]} Bxa6 {[%emt 0:05:00]} 22. Qxa6 {[%emt 0:00:09]} Nxe5 {[%emt 0:01:06]} 23. Nxe5 {[%emt 0:01:53]} Rxe5 {[%emt 0:03:58]} 24. Bxd4 {[%emt 0:02:18]} Re6 {[%emt 0:03:24]} 25. Qa5 {[%emt 0:02:01]} Bd6 {[%emt 0:01:15]} 26. g3 {[%emt 0:01:10]} Rce8 {[%emt 0:01:12]} 27. Bxf6 {[%emt 0:03:48]} Rxf6 {[%emt 0:04:55]} 28. Ne4 {[%emt 0:06:22]} Rfe6 {[%emt 0:01:57]} 29. Qd5 {[%emt 0:00:10]} Bc7 {[%emt 0:01:20]} 30. Rda1 {[%emt 0:04:20]} Re5 {[%emt 0:02:15]} 31. Qd3 {[%emt 0:02:12]} Qb7 {[%emt 0:00:59]} 32. Nd2 {[%emt 0:04:22]} Re1+ {[%emt 0:01:11]} 33. Rxe1 {[%emt 0:00:08]} Rxe1+ {[%emt 0:00:04]} 34. Nf1 {[%emt 0:00:05]} g6 {[%emt 0:01:07]} 35. Rd4 {[%emt 0:02:32]} Bb6 {[%emt 0:01:26]} 36. Rd7 {[%emt 0:03:31]} Qc6 {[%emt 0:00:32]} 37. Qd5 {[%emt 0:00:28]} Qf6 {[%emt 0:00:33]} 38. Qd2 {[%emt 0:00:29]} Rd1 {[%emt 0:00:40]} 0-1

[Event "European School-ch 2019"]
[Site "Mamaia"]
[Date "2019.06.07"]
[Round "8.9"]
[White "Tinarlioglu, Emre"]
[Black "Kasaeva, Sofiia"]
[Result "1-0"]
[WhiteElo "1907"]
[BlackElo "1890"]
[Annotator "NA RC"]
[PlyCount "35"]
[EventDate "2019.05.31"]
[EventType "swiss"]
[EventCountry "ROU"]
[SourceTitle "playchess.com"]
[Source "ChessBase"]
[SourceQuality "1"]
[TimeControl "40/5400+30:1800+30"]

1. d4 {[%emt 0:00:00]} d5 {[%emt 0:00:00]} 2. Bg5 {[%emt 0:00:00]} h6 {[%emt 0:00:00]} 3. Bh4 {[%emt 0:00:00]} c6 {[%emt 0:00:05]} 4. Nf3 {[%emt 0:00:00]} Qb6 {[%emt 0:00:08]} 5. Qc1 {[%emt 0:00:00]} g5 {[%emt 0:01:09]} 6. Bg3 {[%emt 0:00:03]} g4 {[%emt 0:00:22]} 7. Ne5 {[%emt 0:05:57]} Qxd4 {[%emt 0:00:09]} 8. e3 {[%emt 0:02:12]} Qb6 {[%emt 0:01:12]} 9. c4 {[%emt 0:00:52]} d4 {[%emt 0:12:07]} 10. Be2 {[%emt 0:09:25]} Bg7 {[%emt 0:02:42]} 11. O-O {[%emt 0:08:21]} dxe3 {[%emt 0:01:40]} 12. c5 {[%emt 0:06:45]} exf2+ {[%emt 0:27:38]} 13. Rxf2 {[%emt 0:00:20]} Qb4 {[%emt 0:02:32]} 14. Rf4 {[%emt 0:02:23]} Qa5 {[%emt 0:20:40]} 15. Nxf7 {[%emt 0:00:14]} Rh7 {[%emt 0:08:11]} 16. Bd3 {[%emt 0:01:25]} Bd4+ {[%emt 0:01:19]} 17. Rxd4 {[%emt 0:00:36]} Rxf7 {[%emt 0:00:05]} 18. b4 {[%emt 0:00:41]} 1-0

[Event "European School-ch 2019"]
[Site "Mamaia"]
[Date "2019.06.07"]
[Round "8.10"]
[White "Vilcu, Matei-Stefan"]
[Black "Neshev, Nikola"]
[Result "0-1"]
[WhiteElo "1991"]
[BlackElo "1370"]
[Annotator "NA RC"]
[PlyCount "94"]
[EventDate "2019.05.31"]
[EventType "swiss"]
[EventCountry "ROU"]
[SourceTitle "playchess.com"]
[Source "ChessBase"]
[SourceQuality "1"]
[TimeControl "40/5400+30:1800+30"]

1. e4 {[%emt 0:00:00]} e5 {[%emt 0:00:00]} 2. Nf3 {[%emt 0:00:00]} Nc6 {[%emt 0:00:00]} 3. Bc4 {[%emt 0:00:00]} Nf6 {[%emt 0:00:00]} 4. d3 {[%emt 0:00:00]} Bc5 {[%emt 0:00:00]} 5. Bb3 {[%emt 0:00:58]} O-O {[%emt 0:04:10]} 6. h3 {[%emt 0:00:27]} d6 {[%emt 0:03:17]} 7. c3 {[%emt 0:00:08]} Be6 {[%emt 0:00:42]} 8. Nbd2 {[%emt 0:01:05]} Nh5 {[%emt 0:37:21]} 9. Nf1 {[%emt 0:12:31]} Qf6 {[%emt 0:03:39]} 10. Bg5 {[%emt 0:13:30]} Qg6 {[%emt 0:00:08]} 11. g4 {[%emt 0:01:57]} Nf4 {[%emt 0:06:11]} 12. Bxf4 {[%emt 0:05:18]} exf4 {[%emt 0:00:06]} 13. Qd2 {[%emt 0:07:57]} Ne5 {[%emt 0:02:55]} 14. N1h2 {[%emt 0:02:52]} Bxb3 {[%emt 0:04:51]} 15. axb3 {[%emt 0:01:11]} Rfe8 {[%emt 0:00:05]} 16. O-O-O {[%emt 0:01:44]} Qe6 {[%emt 0:02:55]} 17. Kc2 {[%emt 0:05:53]} a5 {[%emt 0:01:03]} 18. Qxf4 {[%emt 0:04:27]} a4 {[%emt 0:02:28]} 19. bxa4 {[%emt 0:08:25]} Rxa4 {[%emt 0:02:57]} 20. Nd2 {[%emt 0:05:26]} Ra2 {[%emt 0:01:13]} 21. Rb1 {[%emt 0:09:39]} Qd7 {[%emt 0:08:08]} 22. Nb3 Ba3 {[%emt 0:04:25]} 23. Qe3 {[%emt 0:09:51]} c5 {[%emt 0:00:43]} 24. f4 {[%emt 0:02:23]} c4 {[%emt 0:04:17]} 25. fxe5 {[%emt 0:00:13]} cxb3+ {[%emt 0:00:06]} 26. Kc1 {[%emt 0:02:06]} Qc6 {[%emt 0:01:51]} 27. d4 {[%emt 0:01:23]} Rc8 {[%emt 0:07:38]} 28. bxa3 {[%emt 0:00:26]} Rc2+ {[%emt 0:00:04]} 29. Kd1 {[%emt 0:00:08]} Rxc3 {[%emt 0:00:08]} 30. Qf4 {[%emt 0:02:24]} b2 {[%emt 0:00:55]} 31. Ke2 {[%emt 0:01:06]} Qc4+ {[%emt 0:00:58]} 32. Kf2 {[%emt 0:00:32]} Qxd4+ {[%emt 0:00:34]} 33. Kg2 {[%emt 0:00:30]} dxe5 {[%emt 0:01:10]} 34. Qf5 {[%emt 0:01:00]} Qe3 {[%emt 0:01:22]} 35. Qf3 {[%emt 0:00:30]} Qd2+ {[%emt 0:00:31]} 36. Qf2 {[%emt 0:00:16]} Qd3 {[%emt 0:00:11]} 37. Qf3 {[%emt 0:01:01]} Rc2+ {[%emt 0:00:14]} 38. Kg3 {[%emt 0:00:08]} Qd8 {[%emt 0:00:31]} 39. Rhd1 {[%emt 0:00:54]} Qb6 {[%emt 0:00:37]} 40. Rd3 {[%emt 0:00:00]} Rc1 {[%emt 0:00:00]} 41. Rb3 {[%emt 0:03:28]} Qg1+ {[%emt 0:00:48]} 42. Kh4 {[%emt 0:00:10]} Qe1+ {[%emt 0:01:25]} 43. Kh5 {[%emt 0:00:09]} g6+ {[%emt 0:00:16]} 44. Kg5 {[%emt 0:00:12]} h6+ {[%emt 0:00:08]} 45. Kf6 {[%emt 0:00:17]} Qh4+ {[%emt 0:00:52]} 46. Kxe5 {[%emt 0:00:06]} Qg5+ {[%emt 0:00:10]} 47. Kd4 {[%emt 0:00:08]} Rd8# 0-1

[Event "European School-ch 2019"]
[Site "Mamaia"]
[Date "2019.06.07"]
[Round "8.11"]
[White "Dotsenko, Makar"]
[Black "Gleizer, Adar"]
[Result "1-0"]
[WhiteElo "1610"]
[BlackElo "1774"]
[Annotator "NA RC"]
[PlyCount "41"]
[EventDate "2019.05.31"]
[EventType "swiss"]
[EventCountry "ROU"]
[SourceTitle "playchess.com"]
[Source "ChessBase"]
[SourceQuality "1"]
[TimeControl "40/5400+30:1800+30"]

1. d4 {[%emt 0:00:00]} Nf6 {[%emt 0:00:00]} 2. c4 {[%emt 0:00:00]} g6 {[%emt 0:00:00]} 3. f3 {[%emt 0:01:10]} d5 {[%emt 0:03:25]} 4. cxd5 {[%emt 0:00:30]} Nxd5 {[%emt 0:00:43]} 5. e4 {[%emt 0:00:00]} Nb6 {[%emt 0:03:35]} 6. Be3 {[%emt 0:00:39]} Bg7 {[%emt 0:00:55]} 7. Nc3 {[%emt 0:00:30]} Nc6 {[%emt 0:04:30]} 8. Bb5 {[%emt 0:09:28]} Bd7 {[%emt 0:00:09]} 9. Qd2 {[%emt 0:14:18]} Na5 {[%emt 0:12:55]} 10. Bxd7+ {[%emt 0:10:51]} Qxd7 {[%emt 0:02:17]} 11. b3 {[%emt 0:05:23]} Nc6 {[%emt 0:06:49]} 12. Nge2 {[%emt 0:02:09]} O-O-O {[%emt 0:05:18]} 13. Rd1 {[%emt 0:06:02]} e5 {[%emt 0:05:43]} 14. d5 {[%emt 0:02:57]} Ne7 {[%emt 0:00:12]} 15. a4 {[%emt 0:03:50]} Kb8 {[%emt 0:00:44]} 16. a5 {[%emt 0:05:54]} Nbc8 {[%emt 0:00:22]} 17. Na4 {[%emt 0:03:35]} Qb5 {[%emt 0:00:59]} 18. Nc5 {[%emt 0:03:46]} b6 {[%emt 0:02:26]} 19. Nc3 {[%emt 0:05:18]} Qxa5 {[%emt 0:02:12]} 20. b4 {[%emt 0:00:11]} Qa3 {[%emt 0:00:19]} 21. Nb5 {[%emt 0:02:53]} 1-0

[Event "European School-ch 2019"]
[Site "Mamaia"]
[Date "2019.06.07"]
[Round "8.12"]
[White "Nedelcu, Teodor-Cosmin"]
[Black "Silich, Yahor"]
[Result "1-0"]
[WhiteElo "1954"]
[BlackElo "2082"]
[Annotator "NA RC"]
[PlyCount "123"]
[EventDate "2019.05.31"]
[EventType "swiss"]
[EventCountry "ROU"]
[SourceTitle "playchess.com"]
[Source "ChessBase"]
[SourceQuality "1"]
[TimeControl "40/5400+30:1800+30"]

1. d4 {[%emt 0:00:00]} Nf6 {[%emt 0:00:00]} 2. c4 {[%emt 0:00:00]} g6 {[%emt 0:00:21]} 3. Nc3 {[%emt 0:00:11]} Bg7 {[%emt 0:00:41]} 4. e4 {[%emt 0:00:34]} d6 {[%emt 0:00:07]} 5. Be2 {[%emt 0:01:16]} O-O {[%emt 0:01:16]} 6. Nf3 {[%emt 0:03:27]} e5 {[%emt 0:01:02]} 7. O-O {[%emt 0:08:17]} c6 {[%emt 0:01:10]} 8. Re1 {[%emt 0:11:55]} Na6 {[%emt 0:06:50]} 9. Be3 {[%emt 0:13:50]} exd4 {[%emt 0:04:19]} 10. Nxd4 {[%emt 0:02:27]} Re8 {[%emt 0:02:31]} 11. f3 {[%emt 0:03:51]} d5 {[%emt 0:02:48]} 12. cxd5 {[%emt 0:01:17]} Nxd5 {[%emt 0:01:30]} 13. Nxd5 {[%emt 0:02:07]} cxd5 {[%emt 0:02:08]} 14. Bxa6 {[%emt 0:12:31]} bxa6 {[%emt 0:00:53]} 15. Nc6 {[%emt 0:03:04]} Qh4 {[%emt 0:25:26]} 16. Bf2 {[%emt 0:02:57]} Qf6 {[%emt 0:05:34]} 17. exd5 {[%emt 0:01:38]} Bd7 {[%emt 0:08:53]} 18. Bd4 {[%emt 0:05:16]} Qg5 {[%emt 0:01:17]} 19. Bxg7 {[%emt 0:03:01]} Kxg7 {[%emt 0:00:26]} 20. Qd4+ {[%emt 0:00:20]} f6 {[%emt 0:01:13]} 21. Rad1 {[%emt 0:01:18]} h5 {[%emt 0:02:33]} 22. b3 {[%emt 0:07:09]} h4 {[%emt 0:01:26]} 23. Re4 {[%emt 0:03:19]} h3 {[%emt 0:05:25]} 24. g3 {[%emt 0:02:25]} Bxc6 {[%emt 0:11:00]} 25. dxc6 {[%emt 0:01:39]} Red8 {[%emt 0:00:04]} 26. Re7+ {[%emt 0:00:29]} Kh6 {[%emt 0:02:33]} 27. Rd7 {[%emt 0:00:08]} Re8 {[%emt 0:01:18]} 28. Qd2 {[%emt 0:00:46]} Qxd2 {[%emt 0:00:29]} 29. R1xd2 {[%emt 0:00:29]} Rac8 {[%emt 0:00:10]} 30. c7 {[%emt 0:00:34]} Re1+ {[%emt 0:00:07]} 31. Kf2 {[%emt 0:01:00]} Rc1 {[%emt 0:00:03]} 32. g4 {[%emt 0:00:27]} R8xc7 {[%emt 0:01:36]} 33. Rxc7 {[%emt 0:00:09]} Rxc7 {[%emt 0:00:04]} 34. Kg3 {[%emt 0:00:09]} Rc3 {[%emt 0:01:27]} 35. Rd6 {[%emt 0:01:33]} Kg5 {[%emt 0:00:24]} 36. Rxa6 {[%emt 0:00:42]} f5 {[%emt 0:00:39]} 37. gxf5 {[%emt 0:00:29]} gxf5 {[%emt 0:00:05]} 38. Ra4 {[%emt 0:01:49]} Rd3 {[%emt 0:01:16]} 39. Ra5 {[%emt 0:01:47]} Rc3 {[%emt 0:00:36]} 40. b4 {[%emt 0:00:00]} a6 {[%emt 0:00:00]} 41. Rxa6 {[%emt 0:14:18]} f4+ {[%emt 0:00:53]} 42. Kxh3 {[%emt 0:00:07]} Rxf3+ {[%emt 0:00:03]} 43. Kg2 {[%emt 0:00:05]} Rc3 {[%emt 0:00:21]} 44. Ra5+ {[%emt 0:03:12]} Kg4 {[%emt 0:01:19]} 45. h3+ {[%emt 0:01:27]} Kh4 {[%emt 0:00:04]} 46. Rf5 {[%emt 0:02:25]} Rg3+ {[%emt 0:00:34]} 47. Kf2 {[%emt 0:00:17]} Kxh3 {[%emt 0:00:10]} 48. Rxf4 {[%emt 0:00:10]} Rg2+ {[%emt 0:00:04]} 49. Ke3 {[%emt 0:00:11]} Rxa2 {[%emt 0:00:01]} 50. Kd4 {[%emt 0:00:06]} Kg3 {[%emt 0:00:23]} 51. Rf8 {[%emt 0:00:03]} Rb2 {[%emt 0:00:30]} 52. Kc5 {[%emt 0:00:05]} Rc2+ {[%emt 0:00:04]} 53. Kb6 {[%emt 0:00:05]} Kg4 {[%emt 0:00:07]} 54. b5 {[%emt 0:00:04]} Kg5 {[%emt 0:00:07]} 55. Ka7 {[%emt 0:00:13]} Ra2+ {[%emt 0:00:07]} 56. Kb7 {[%emt 0:00:04]} Kg6 {[%emt 0:00:06]} 57. b6 {[%emt 0:00:05]} Kg7 {[%emt 0:00:08]} 58. Rf1 {[%emt 0:00:16]} Rb2 {[%emt 0:00:19]} 59. Ka7 {[%emt 0:00:20]} Ra2+ {[%emt 0:00:05]} 60. Kb8 {[%emt 0:00:03]} Rb2 {[%emt 0:00:04]} 61. b7 {[%emt 0:00:05]} Kg6 {[%emt 0:00:08]} 62. Ra1 {[%emt 0:00:27]} 1-0